000 00402nam a2200133Ia 4500
008 211119s9999||||xx |||||||||||||| ||und||
082 _a894.8121
_bPUT-G
100 _aPuthenchery, Gireesh
245 0 _aGireesh Puthencheriyude Kavithakal
260 _bMathrubhumi Books
_a2011
_cKottayam
300 _axvii+
650 _aMalayalam Literature
_vMalayalam PoetryMalayalam
_xGeneral Stack
942 _cBOOK
999 _c113837
_d113837